| 000 | 00000nam##2200000za#4500 |
| 001 | 9.604459 |
| 003 | CaOODSP |
| 005 | 20250403105157 |
| 007 | cr ||||||||||| |
| 008 | 150406|1998||||xxc|||||o f|0| 0 fre|d |
| 022 | |a1205-9161 |
| 040 | |aCaOODSP|bfre |
| 043 | |an-cn--- |
| 086 | 1 |aCS11-0019/113F-PDF |
| 245 | 00|aMobilité intergénérationnelle des gains et du revenu des hommes au Canada : |h[ressource électronique]|bétude basée sur les données longitudinales de l'impôt sur le revenu / |cpar Miles Corak et Andrew Heisz. |
| 260 | |aOttawa - Ontario : |bStatistique Canada |cOctobre 1998. |
| 300 | |a41p.|bfigures, graphiques, tableaux |
| 490 | 1 |aDocuments de recherche - Direction des études analytiques|x1205-9161|vN° 113 |
| 500 | |aLe n° de catalogue (11F0019MPE), l'ISBN (0-660-96033-8) et l'ISSN (1200-5231) de l'édition imprimée ont été incorrectement copiés dans l'édition électronique. |
| 504 | |aBibliographie. |
| 590 | |a12-34-Supp|b2012-07-31 |
| 710 | 2 |aStatistique Canada. |
| 720 | 1 |aCorak, Miles |
| 720 | 1 |aHeisz, Andrew |
| 775 | 08|tThe intergenerational earnings and income mobility of Canadian men : |w(CaOODSP)9.574724 |
| 830 | #0|aDocuments de recherche (Statistique Canada. Direction des études analytiques)|x1205-9161|vN° 113|w(CaOODSP)9.500842 |
| 856 | 40|ahttp://publications.gc.ca|qPDF|s555 Ko|uhttps://publications.gc.ca/collections/Collection/CS11-0019-113F.pdf|yN° 113 |